Current administrative problems : (Record no. 16453)
[ view plain ]
| 000 -LEADER | |
|---|---|
| fixed length control field | 01149cam a22002651 4500 |
| 001 - CONTROL NUMBER | |
| control field | 16453 |
| 003 - CONTROL NUMBER IDENTIFIER | |
| rucl marc code | BD-RjUL |
| 005 - DATE AND TIME OF LATEST TRANSACTION | |
| control field | 20211209000018.0 |
| 008 - FIXED-LENGTH DATA ELEMENTS--GENERAL INFORMATION | |
| fixed length control field | 140213t1960 dcua b 000 0 eng |
| 035 ## - SYSTEM CONTROL NUMBER | |
| System control number | (BD-RjUL)16508 |
| System control number | (OCoLC)1038668 |
| 040 ## - CATALOGING SOURCE | |
| Original cataloging agency | DLC |
| Transcribing agency | OAU |
| Modifying agency | OCoLC |
| -- | DLC |
| -- | BD-RjUL |
| Language of cataloging | eng |
| 041 ## - LANGUAGE CODE | |
| Language code of text/sound track or separate title | eng |
| 082 00 - DEWEY DECIMAL CLASSIFICATION NUMBER | |
| Classification number | 796 |
| Author mark and year | AMC 1960 |
| 110 2# - MAIN ENTRY--CORPORATE NAME | |
| Corporate name or jurisdiction name as entry element | American Association for Health, Physical Education, and Recreation. |
| 9 (RLIN) | 50880 |
| 245 10 - TITLE STATEMENT | |
| Title | Current administrative problems : |
| Remainder of title | athletics, health education, physical education, recreation / |
| 260 ## - PUBLICATION, DISTRIBUTION, ETC. (IMPRINT) | |
| Place of publication, distribution, etc. | Washington : |
| Name of publisher, distributor, etc. | American Association for Health, Physical Education, and Recreation, |
| Date of publication, distribution, etc. | 1960. |
| 300 ## - PHYSICAL DESCRIPTION | |
| Pagination | 197 p. : |
| Illustrations | illus. ; |
| Size | 24 cm. |
| 500 ## - GENERAL NOTE | |
| General note | "Prepared by a Joint Committee of the National Assocation of Secondary-School Principals and the American Association for Health, Physical Education and Recreation, under the ... chairmanship of Elmon L. Vernier." |
| 504 ## - BIBLIOGRAPHY, ETC. NOTE | |
| Bibliography, etc | Bibliography: p. 191-197. Bibliographical footnotes. |
| 650 #0 - SUBJECT ADDED ENTRY--TOPICAL TERM | |
| Topical term or geographic name as entry element | Physical education and training |
| General subdivision | Administration. |
| 9 (RLIN) | 50881 |
| 942 ## - ADDED ENTRY ELEMENTS (KOHA) | |
| Source of classification or shelving scheme | Dewey Decimal Classification |
| Koha item type | Books |
| Lost status | Source of classification or shelving scheme | Damaged status | Not for loan | Collection code | Permanent Location | Current Location | Shelving location | Date acquired | Source of acquisition | Cost, normal purchase price | Total Checkouts | Full call number | Date last seen | Copy number | Koha item type |
|---|---|---|---|---|---|---|---|---|---|---|---|---|---|---|---|
| Dewey Decimal Classification | Not For Loan | Non-fiction | Central Library, University of Rajshahi | Central Library, University of Rajshahi | Reading Room | 01/08/1971 | N/A | 0.00 | 796 AMC 1960 | 13/02/2014 | C-1 | Books |